| 000 | 00997nam a2200265 a 4500 | ||
|---|---|---|---|
| 001 | 56321 | ||
| 003 | BD-RjUL | ||
| 005 | 20211209080400.0 | ||
| 008 | 161128s1996 bg b 000 0 eng | ||
| 020 | _z9845590832 | ||
| 035 | _a(BD-RjUL)56445 | ||
| 040 |
_aDLC _cDLC _dBD-RjUL _beng |
||
| 041 | _aeng | ||
| 082 |
_223 _a320.8095492 _bDEC 1996 |
||
| 245 | 1 | 0 |
_aDecentralization of administration in Bangladesh : _bwith cases of two upazilas and some perspective issues / _cSyed Margub Murshed ... [et al.]. |
| 260 |
_aComilla : _bBangladesh Academy for Rural Development, _c[1996] |
||
| 300 |
_a118 p. ; _c22 cm. |
||
| 504 | _aIncludes bibliographical references (p. 116-118). | ||
| 650 | 0 |
_aDecentralization in government _zBangladesh _xCase studies. _9167588 |
|
| 650 | 0 |
_aLocal government _zBangladesh _xCase studies. _9167589 |
|
| 700 | 1 |
_aMurshed, Syed Margub. _9167590 |
|
| 710 | 2 |
_aBāṃlādeśa Pallī Unnaẏana Ekāḍemi. _9167534 |
|
| 942 |
_2ddc _cBK |
||
| 999 |
_c56321 _d56321 |
||